000 00495nam a22001697a 4500
999 _c61798
_d61798
005 20240513172857.0
008 240513s1969 enk||||| |||| 00| 0 geo d
041 _aeng
080 _a617.5(075.8) M-24
100 _aCondon, Robert E.
_922086
245 _aManual of Surgical Therapeutics.
_c
264 _aLondon,
_c1969.
300 _a379 p.;
_b22 cm.
653 _a ქირურგიული თერაპია
653 _aმედიცინა
942 _2udc
_cᲬᲘᲒᲜᲘ